000 00679nam a2200205Ia 4500
003 GCL
008 140319s9999 xx 000 0 ara d
040 _aGCL /
_cGCL
082 0 4 _a398.951
_bم ق
100 1 _aمجموعة من المؤلفين
245 1 0 _aقطوف من الحكمة الصينية /
_cمجموعة من المؤلفين
260 _a[S.N] :
_bد. ن
300 _a120 ص ؛
_c20 سم
650 0 4 _aالادب الشعبى
650 0 4 _aالادب الصينى المترجم
650 0 4 _aالادب الشعبى - الصين
650 0 4 _aالفولكلور الصينى
650 0 4 _aالامثال العامية الصينية
942 _2ddc
_cBK
999 _c9049
_d9049